Dobrý deň, pán Ampére /
Enregistré dans:
| Auteur principal: | |
|---|---|
| Format: | Livre |
| Langue: | slovaque |
| Publié: |
Bratislava :
Alfa,
1973
|
| Édition: | 1.vyd. |
| Sujets: | |
| Tags: |
Pas de tags, Soyez le premier à ajouter un tag!
|
MARC
| LEADER | 00000nam a22000003a 4500 | ||
|---|---|---|---|
| 001 | stu34869 | ||
| 005 | 20150617225729.3 | ||
| 008 | 920327s1973----cs------------------slo-d | ||
| 040 | |a STU |b slo | ||
| 041 | 0 | |a slo | |
| 044 | |a cs | ||
| 080 | |a 53.081 | ||
| 080 | |a 389.16(087.5) | ||
| 100 | 1 | |a Borec, Tomáš |4 aut | |
| 245 | 1 | |a Dobrý deň, pán Ampére / |c [aut.]Tomáš Borec | |
| 250 | |a 1.vyd. | ||
| 260 | |a Bratislava : |b Alfa, |c 1973 | ||
| 300 | |a 253 s | ||
| 650 | 7 | |a Jednotky fyzikálne |2 stusub | |
| 650 | 7 | |a prehľady |2 stusub | |
| 650 | 7 | |a fyzika |2 stusub | |
| 996 | |b 284M047605 |c M*1363-1 |l MMKN |s A |a 24 |w stu34869_0001 | ||